Tradičné bankrotné modely a ich využitie v súčasných podmienkach Slovenskej republiky

Bonitné a bankrotné modely a ich využitie v podnikovom sektore. Aplikácia Altmanovho, Tafflerovho a Springate modelu v súčasných podmienkach Slovenskej republiky.

Enregistré dans:
Détails bibliographiques
Auteur principal: Tobák, Juraj, 1986-
Autres auteurs: Tutková, Petra, 1987-
Format: Chapitre de livre
Langue:slovaque
Sujets:
Tags: Ajouter un tag
Pas de tags, Soyez le premier à ajouter un tag!

MARC

LEADER 00000nla a2200000 4500
001 0198547
005 20240502073344.4
041 0 |a slo 
044 |a SK 
245 1 0 |a Tradičné bankrotné modely a ich využitie v súčasných podmienkach Slovenskej republiky  |c Juraj Tobák, Petra Tutková 
520 |a Bonitné a bankrotné modely a ich využitie v podnikovom sektore. Aplikácia Altmanovho, Tafflerovho a Springate modelu v súčasných podmienkach Slovenskej republiky. 
610 2 0 |a situácia finančná podniku 
610 2 0 |a metóda Altmanova 
610 2 0 |a modely ekonomicko-matematické 
610 2 0 |a bankrot 
610 2 0 |a modely 
610 2 0 |a podnik 
100 1 |a Tobák, Juraj, 1986- 
700 1 |a Tutková, Petra, 1987-